Americké firmy v Číne sa čoraz viac obávajú, že pokazené vzťahy pretrvajú roky
Napätie medzi USA a Čínou, ktoré sa vyšplhalo pomerne vysoko po minuloročnej obchodnej vojne, sa tento rok ešte prehľbilo v dôsledku vypuknutia pandémie covid-19. Prezident USA Donald Trump opäť nastolil myšlienku oddelenia americkej a čínskej ekonomiky - decoupling. Spojené štáty by nestratili pen...
Gespeichert in:
| 1. Verfasser: | |
|---|---|
| Format: | Buchkapitel |
| Sprache: | Slowakisch |
| Schlagworte: | |
| Tags: |
Keine Tags, Fügen Sie das erste Tag hinzu!
|
MARC
| LEADER | 00000naa a2200000 4500 | ||
|---|---|---|---|
| 001 | 0269559 | ||
| 005 | 20201027160318.1 | ||
| 041 | 0 | |a slo | |
| 044 | |a SK | ||
| 245 | 1 | 0 | |a Americké firmy v Číne sa čoraz viac obávajú, že pokazené vzťahy pretrvajú roky |c Martin Krištoff |
| 520 | |a Napätie medzi USA a Čínou, ktoré sa vyšplhalo pomerne vysoko po minuloročnej obchodnej vojne, sa tento rok ešte prehľbilo v dôsledku vypuknutia pandémie covid-19. Prezident USA Donald Trump opäť nastolil myšlienku oddelenia americkej a čínskej ekonomiky - decoupling. Spojené štáty by nestratili peniaze, ak by obe krajiny už spolu neobchodovali. | ||
| 610 | 2 | 0 | |a obchod medzinárodný |
| 610 | 2 | 0 | |a konflikty medzinárodné |
| 610 | 2 | 0 | |a kríza |
| 610 | 2 | 0 | |a vojna obchodná |
| 100 | 1 | |a Krištoff, Martin | |